000 00625nam a2200229Ia 4500
003 OSt
005 20220924132519.0
006 a|||||r|||| 00| 0
007 ta
008 220923b |||||||| |||| 00| 0 san d
024 _a59143
037 _cTextual
040 _aARTS
_cARTS
_bsan
041 _2san
_asan
082 _aQ11:21x, 15L3(TTPS)
100 _aRamakrishna ed
_9204403
245 0 _aRiksukta samuchchayah with Hindi translation edited by Ramakrishna
260 _c1973
650 _aRELIGION
942 _hQ11:21x, 15L3(TTPS)
_cTEXL
_2CC
999 _c430506
_d430506